000
00272nam a22001097a 4500
008
240711b |||||||| |||| 00| 0 eng d
100
_a
Gobind, Malhi
_9
16880
245
_a
Pritam Viyo Pradesh
260
_a
Bombay:
_b
Bharat Jiwan Pub;
_c
1968.
300
_a
228p.
942
_c
BK
999
_c
40020
_d
40020